| 000 | 00388nam a22001337a 4500 | ||
|---|---|---|---|
| 003 | PILC | ||
| 005 | 20150929141653.0 | ||
| 008 | 150929b xxu||||| |||| 00| 0 eng d | ||
| 050 |
_aPZ 7 _b.T633 1996 |
||
| 245 | _aToday's best nonfiction / | ||
| 260 |
_aNew York : _bThe Reader's suggest Association, Inc., _c1996. |
||
| 300 |
_a573 pages : _billustrations ; _c23 cm. |
||
| 942 |
_2lcc _cBK _kFOR |
||
| 999 |
_c288773 _d288773 |
||